| 000 | 01049cam a2200337ui 4500 | ||
|---|---|---|---|
| 650 | 0 |
_938711 _aExecutions (Law) _zTurkey |
|
| 999 |
_c200429653 _d47577 |
||
| 001 | 200429653 | ||
| 003 | TR-AnTOB | ||
| 005 | 20250701161440.0 | ||
| 007 | ta | ||
| 008 | 170321s2005 tu e 00100 tur d | ||
| 020 | _a9754640718 | ||
| 040 |
_aTR-AnTOB _beng _erda _cTR-AnTOB _dTR-AnTOB |
||
| 041 | 0 | _atur | |
| 050 | 0 | 0 |
_aKKX1881 _b.K87 2005 |
| 090 |
_aKKX1881 _b.K87 2005 |
||
| 100 | 1 |
_aKuru, Baki, _d1928- _eauthor _989587 |
|
| 245 | 1 | 0 |
_aİcra ve iflas hukuku bilgisi / _cBaki Kuru, Şanal Görgün. |
| 246 | 3 | 0 | _aİktisadi ve İdari Bilimler Fakülteleri öğrencileri için |
| 250 | _a2. Baskı | ||
| 264 | 1 |
_aAnkara : _bYetkin Yayınları, _c2005. |
|
| 300 |
_a308 pages ; _c20 cm. |
||
| 336 |
_atext _2rdacontent |
||
| 337 |
_aunmediated _2rdamedia |
||
| 338 |
_avolume _2rdacarrier |
||
| 500 | _aIncludes index. | ||
| 650 | 7 |
_aİcra-iflas hukuku _zTürkiye _eetuturkob _9115811 |
|
| 700 | 1 |
_aGörgün, L. Şanal _eauthor _961174 |
|
| 942 |
_2lcc _cBK |
||